00848cam a2200205 a 4500008004100000020003200041050002500073110003400098245013500132260004100267300004500308504006000353650003100413650003600444650004300480650004700523700002300570700002900593700002000622950725s1995 vaua bc 001 0 eng  a0917046404 (acidfree paper)00aNK7398.F32 bA4 19952 aVirginia Museum of Fine Arts.10aFabergé :bVirginia Museum of Fine Arts /cby David Park Curry, with the assistance of Caroline Doswell Smith and Mark Sprinkle. aRichmond, Va. :bThe Museum,cc1995. axi, 118 p. :bill. (some col.) ;c22 cm. aIncludes bibliographical references (p. 115) and index. 0aJewelryzRussiaxCatalogs. 0aArt objects, RussianxCatalogs. 0aJewelryzVirginiazRichmondxCatalogs. 0aArt objectszVirginiazRichmondxCatalogs.1 aCurry, David Park.1 aSmith, Caroline Doswell.1 aSprinkle, Mark.